La desigualdad en Educación en México por entidad federativa 1995-2005 /

Guardat en:
Dades bibliogràfiques
Autor principal: Salgado Vega, Jesús
Altres autors: Rodríguez Guerra, Karla Grisel
Format: Text
Etiquetes: Afegir etiqueta
Sense etiquetes, Sigues el primer a etiquetar aquest registre!

MARC

LEADER 00000 a a2200000 04500
001 46649
003
040
100 |a Salgado Vega, Jesús  
245 |a La desigualdad en Educación en México por entidad federativa 1995-2005 /  |c Jesús Salgado Vega, Karla Grisel Rodríguez Guerra  
700 |a Rodríguez Guerra, Karla Grisel  
773 |g volumen36, número1 ( , 2012), páginas 45-62 : tablas, gráficos  
999 |c 30344  |d 30344